000 00325nam a2200121Ia 4500
008 220204s9999 xx 000 0 und d
082 _a577.15(06)
_bSHA
245 0 _aMetabolic interconversion of enzymes. 1975.
260 _aBerlin
_bSpringer
_c1976
650 _aEnzyme interconversion
700 _aSHALTIEL, S
942 _cBK
999 _c25587
_d25587